| 000 | 00735nam a2200217 a 4500 | ||
|---|---|---|---|
| 001 | BRCA_982 | ||
| 005 | 20190320203230.0 | ||
| 008 | 991206s1998 mx-a---##b---#000-0dspa-# | ||
| 020 | _a9701811321 | ||
| 040 |
_aDLC _cDLC |
||
| 050 | 4 |
_aND259.C6 _b.V45 1998 |
|
| 100 | 1 |
_aVelázquez Gutiérrez, María Elisa _93234 |
|
| 245 | 1 | 0 |
_aJuan Correa _bmulato libre, maestro de pintor _cMaría Elisa Velázquez Gutiérrez. |
| 260 |
_aMéxico _bCírculo de Arte _c1998 |
||
| 300 |
_a38 p. _bil. a color _c17 cm. |
||
| 504 | _aIncluye referencias bibliográficas | ||
| 600 | 1 | 4 |
_aCorrea, Juan _dca. 1650-1740? _xCrítica e interpretación _93235 |
| 650 | 1 | 4 |
_aMestizaje _zMéxico _93236 |
| 700 | 1 |
_aCorrea, Juan _dca. 1650-1740? _93237 |
|
| 942 |
_2lcc _cB |
||
| 999 |
_c866 _d866 |
||